Responses for Show #267 - Tuesday, September 17, 1985

Jay Rosenberg game 3.

Contestants

[<< previous game]

Janet Batchler, a writer researcher from Beverly Hills, California

Alan Rubin, an attorney originally from Queens, New York

Jay Rosenberg, a professor from Chapel Hill, North Carolina (whose 2-day cash winnings total $24,400)

[next game >>]

Jeopardy! Round responses

EASY MATH
MYSTERIES
MONEY SONGS
TOYS & GAMES
THE '40s
PORCUPINES
    $100 1
2

Alan
    $100 11
murder

Janet
    $100 12
"Pennies From Heaven"

Janet
    $100 4
the Muppets

Jay
    $100 18
Edison

Jay
    $100 21
(Alan: What is aim?)

throw

Alan
Triple Stumper
    $200 2
9

Alan
    $200 17
Murder, She Wrote

Alan
    $200 13
put another nickel in, in the nickelodeon

Jay
    $200 5
7

Janet
    $200 19
cars (automobiles)

Jay
    $200 22
(Alex: [*] or [**], even though that one is a misnomer. Janet, we've got less than a minute to go.)

a quill pig or a hedgehog

Triple Stumper
    $300 3
690

Janet
    $300 23
the Ellery Queen Mystery Magazine

Jay
    $300 14
money can't buy me love

Janet
    $300 6
a top

Janet
    $300 20
ABC

Janet
    $300 24
(Janet: Who is Curly?)

Larry (Fine)

AlanJanet
    $400 9
10

Janet
    $400 15
(Janet: Who was the Lonesome Cowboy?)
(Alan: Who is the Wichita Lineman?)

the "Rhinestone Cowboy"

AlanJanet
Triple Stumper
    $400 7
(Alan: What is a balloon?)

a kite

AlanJanet
    $400 25
Bikini

Janet
    $400 26
(Janet: What is Europe?)
...
[The end-of-round signal sounds.]

Australia

JayJanet
    $500 10
1/8

Jay
    $500 16
if you've got the money, honey, I've got the time

Triple Stumper
    $500 8
red

Jay

Scores at the first commercial break (after clue 15):

Jay Alan Janet
$1,300 -$500 $1,700

Scores at the end of the Jeopardy! Round:

Jay Alan Janet
$2,300 -$100 $1,700

Double Jeopardy! Round responses

AMERICAN POETRY
TECHNOLOGY
NOTORIOUS
U.S. GOVERNMENT
GREECE
"WOMAN"LY MOVIES
    $200 3
make a tree

Janet
    $200 24
a mouse

Janet
    $200 8
Mussolini

Janet
    $200 1
the Democrats

Alan
    $200 17
Mt. Olympus

Jay
    $200 4
Wonder Woman

Alan
    $400 13
little cat feet

Janet
    $400 27
[The end-of-round signal sounds.]

a transistor

Jay
    $400 2
the Senate

Jay
    $400 18
a pine tree

Jay
    $400 9
A Man and a Woman

Alan
    $600 14
a lover

Jay
    $600 26
an electron microscope

Jay
    $600 5
(Alan: What is 70?)
(Jay: What is 75?)

there is no retirement age for federal judges

JayAlan
Triple Stumper
    $500 19
(Alex: Yes, Anthony Quinn was the actor in question.)

"Zorba The Greek"

Jay
    $600 10
The Woman in Red

Janet
    $800 15
take you in

Jay
    $800 25
(Jay: What are Automats?)

vending machines

JayJanet
    $800 6
Secretary of War

Triple Stumper
    $800 20
Turkey

Jay
    $800 11
(Alan: The Madwoman of Chaillot.)
(Alex: No, and remember to phrase it in the form of a question.)

A Woman Under the Influence

Alan
Triple Stumper
    $1000 16
Edgar Allan Poe

Triple Stumper
    $1000 23
the plastics industry

Jay
    $1000 22
(Alan: [*]. What is [*]?)
...
(Alex: We've got less than a minute to go in the round.)

because that's where they keep the money

Alan
    $1,000 7
John F. Kennedy

Alan
    $1000 21
Papandreou

Alan
    $1000 12
Woman's World

Triple Stumper

Scores at the end of the Double Jeopardy! Round:

Jay Alan Janet
$6,600 $2,300 $4,100

[wagering suggestions for these scores]

Final Jeopardy! Round responses

HOLIDAYS
AlanWhat is World War I?
$0
JanetWhat was World War I?
$4,098
JayWhat is the Civil War?
$2,000
the Civil War

Final scores:

Jay Alan Janet
$8,600 $2,300 $2
3-day champion: $33,000 2nd place: Frigidaire refrigerator + Stylette wicker dining room set 3rd place: Vitamaster Pro 1000 electronic fitness system

Game dynamics:

Coryat scores:

Jay Alan Janet
$6,700 $2,300 $4,100
18 R
(including 1 DD),
2 W
10 R
(including 1 DD),
5 W
16 R,
3 W

Combined Coryat: $13,100

[game clues] [game scores] [suggest correction]

Game tape date: 1985-07-02
The J! Archive is created by fans, for fans. Scraping, republication, monetization, and malicious use prohibited; this site may use cookies and collect identifying information. See terms. The Jeopardy! game show and all elements thereof, including but not limited to copyright and trademark thereto, are the property of Jeopardy Productions, Inc. and are protected under law. This website is not affiliated with, sponsored by, or operated by Jeopardy Productions, Inc. Join the discussion at JBoard.tv.